[Event "BL 0910 SF Katernberg - Erfurter SK"]
[Site "?"]
[Date "2010.02.27"]
[Round "10.4"]
[White "Bischoff, Klaus"]
[Black "Enders, Peter"]
[Result "1/2-1/2"]
[WhiteElo "2561"]
[BlackElo "2467"]
[PlyCount "172"]
[EventDate "2010.??.??"]

1. c4 Nf6 2. Nc3 g6 3. e4 d6 4. d4 Bg7 5. Nf3 O-O 6. Be2 e5 7. O-O Nbd7 8. Qc2
Re8 9. Rd1 exd4 10. Nxd4 Nc5 11. f3 c6 12. Be3 Qe7 13. Bf2 a5 14. Bf1 Nfd7 15.
Re1 Ne5 16. Rad1 Be6 17. b3 Qc7 18. h3 Bh6 19. g3 f6 20. f4 Ned7 21. Bg2 Bf7
22. Re2 Bf8 23. Red2 Ne6 24. Nxe6 Bxe6 25. Na4 Rac8 26. c5 Nxc5 27. Nxc5 dxc5
28. Bxc5 Rcd8 29. Bd4 Bg7 30. Qc3 Rf8 31. Qe3 Qc8 32. Kh2 Rfe8 33. Qc3 a4 34.
bxa4 Rf8 35. a5 Rf7 36. e5 fxe5 37. Bxe5 Rxd2 38. Rxd2 Bxe5 39. Qxe5 Bc4 40. h4
Qc7 41. Qc5 Be6 42. Re2 Bg4 43. Re8+ Kg7 44. Qc3+ Kh6 45. Re5 Qd6 46. Rc5 Qe6
47. Qb2 Qd6 48. Qc1 Rd7 49. a6 bxa6 50. Rxc6 Qd2 51. Qa3 Rf7 52. Rxa6 Bc8 53.
Rd6 Qf2 54. Qc1 Bf5 55. Qd2 Qa7 56. Bh3 Qa8 57. Bxf5 Rxf5 58. Rb6 Rd5 59. Qe2
Qa3 60. Rb3 Qc1 61. Rb2 Rd3 62. Rc2 Re3 63. Qg2 Qb1 64. Re2 Rc3 65. Qd5 Qf5 66.
Qxf5 gxf5 67. Kh3 Ra3 68. Rb2 Ra5 69. Rc2 Kg6 70. Rc6+ Kg7 71. h5 Rxa2 72. Kh4
h6 73. Rc7+ Kg8 74. Kh3 Ra5 75. Re7 Kf8 76. Re6 Kg7 77. Rg6+ Kh7 78. Re6 Kg7
79. Kg2 Ra2+ 80. Kf3 Rh2 81. Rg6+ Kh7 82. Rf6 Rxh5 83. Kg2 Kg7 84. Ra6 Kf7 85.
Ra5 Kg7 86. Rb5 Kg6 1/2-1/2

[Event "BL 0910 SF Katernberg - Erfurter SK"]
[Site "?"]
[Date "2010.02.27"]
[Round "10.6"]
[White "Zaragatski, Ilja"]
[Black "Schoene, Maria"]
[Result "1-0"]
[WhiteElo "2475"]
[BlackElo "2274"]
[PlyCount "99"]
[EventDate "2010.??.??"]

1. e4 c5 2. Nf3 d6 3. d4 cxd4 4. Nxd4 Nf6 5. Nc3 g6 6. Bc4 Bg7 7. O-O O-O 8.
Re1 Nc6 9. Nb3 a6 10. Bf1 b5 11. Nd5 e6 12. Nxf6+ Bxf6 13. c3 Qe7 14. Bf4 Rd8
15. Qd2 Ne5 16. Rad1 Bb7 17. Na5 Rac8 18. a4 Qc7 19. Nxb7 Qxb7 20. axb5 axb5
21. Qc2 Qc6 22. Qb3 Nc4 23. Qb4 Qc5 24. Qxc5 dxc5 25. Rxd8+ Rxd8 26. e5 Be7 27.
b3 Na3 28. Rc1 Kg7 29. Be3 h6 30. f4 g5 31. g3 Kg6 32. Kf2 Kf5 33. Ke2 Kg6 34.
Bg2 Kf5 35. fxg5 hxg5 36. Rf1+ Kg6 37. Be4+ Kg7 38. h4 gxh4 39. gxh4 Rh8 40.
Rh1 Rh5 41. Kf3 Rxe5 42. Rg1+ Kf8 43. Bh6+ Ke8 44. Bc6+ Kd8 45. Bf4 Bd6 46. Rd1
Kc7 47. Rxd6 Rf5 48. Rxe6+ Rxf4+ 49. Kxf4 fxe6 50. Be4 1-0

[Event "BL 0910 SF Katernberg - Erfurter SK"]
[Site "?"]
[Date "2010.02.27"]
[Round "10.8"]
[White "Scholz, Christian"]
[Black "Schuetze, Norman"]
[Result "1-0"]
[WhiteElo "2373"]
[BlackElo "2278"]
[PlyCount "59"]
[EventDate "2010.??.??"]

1. e4 c5 2. Nf3 e6 3. d4 cxd4 4. Nxd4 Nf6 5. Bd3 Nc6 6. Nxc6 dxc6 7. O-O e5 8.
Nd2 Bd6 9. Nc4 Bb8 10. Bg5 h6 11. Bh4 g5 12. Bg3 Qe7 13. a4 h5 14. f3 h4 15.
Bf2 Nh5 16. Qd2 Nf4 17. Ne3 Bc7 18. Rfd1 Be6 19. Bc4 Rd8 20. Qc3 Rxd1+ 21. Rxd1
Bc8 22. a5 Rh6 23. Bf1 Rg6 24. Nf5 Qf6 25. Qb4 a6 26. h3 Nd5 27. exd5 Qxf5 28.
d6 Qd7 29. Bc5 Kf8 30. dxc7+ 1-0

[Event "BL 0910 H.Handschuhsheim - Hamburger SK"]
[Site "?"]
[Date "2010.02.27"]
[Round "10.1"]
[White "Kempinski, Robert"]
[Black "Ikonnikov, Viacheslav"]
[Result "1-0"]
[WhiteElo "2616"]
[BlackElo "2558"]
[PlyCount "77"]
[EventDate "2010.??.??"]

1. d4 Nf6 2. c4 e6 3. Nf3 Bb4+ 4. Nbd2 b6 5. a3 Bxd2+ 6. Qxd2 Bb7 7. e3 d6 8.
Be2 Nbd7 9. O-O a5 10. b3 O-O 11. Bb2 Ne4 12. Qc2 f5 13. d5 e5 14. Ne1 Qe7 15.
Rd1 Rac8 16. f3 Nef6 17. Nd3 c6 18. dxc6 Bxc6 19. Nf2 Nc5 20. Rb1 a4 21. bxa4
Bxa4 22. Qc3 Nfd7 23. Ba1 Rf6 24. Nd3 Rh6 25. Rf2 Nxd3 26. Qxd3 Rf8 27. Qd5+
Kh8 28. Rb4 Nc5 29. Rxb6 Qc7 30. Rb4 Bc6 31. Qd2 Qa7 32. Qc1 Re6 33. Bf1 Ra8
34. Ra2 e4 35. fxe4 fxe4 36. Bd4 Qf7 37. Rf2 Qg6 38. Rb6 Rc8 39. Rxc6 1-0

[Event "BL 0910 H.Handschuhsheim - Hamburger SK"]
[Site "?"]
[Date "2010.02.27"]
[Round "10.2"]
[White "Svetushkin, Dmitry"]
[Black "Ghaem Maghami, Ehsan"]
[Result "0-1"]
[WhiteElo "2570"]
[BlackElo "2579"]
[PlyCount "80"]
[EventDate "2010.??.??"]

1. e4 c5 2. Nf3 d6 3. d4 cxd4 4. Nxd4 Nf6 5. Nc3 a6 6. Be3 e5 7. Nf3 Be7 8. Bc4
O-O 9. O-O Nc6 10. Bg5 Be6 11. Bb3 Nd7 12. Bxe7 Qxe7 13. Nd5 Qd8 14. Qe2 Nc5
15. Rad1 Kh8 16. h3 Rc8 17. Rfe1 f5 18. Nc3 Nxb3 19. axb3 Qe7 20. exf5 Bxf5 21.
Nd5 Qe6 22. c3 h6 23. Rd2 Rcd8 24. Nh2 Qg6 25. Kh1 Be6 26. Ng4 Qf7 27. Nge3 e4
28. Qc4 Qg6 29. Nf1 Rde8 30. Ng3 e3 31. Rxe3 Bxd5 32. Rxe8 Bxc4 33. Rxf8+ Bg8
34. Kh2 Kh7 35. b4 h5 36. Rf5 Bc4 37. Rxh5+ Kg8 38. f4 Qe6 39. Nf5 d5 40. Rg5
Qe1 0-1

[Event "BL 0910 H.Handschuhsheim - Hamburger SK"]
[Site "?"]
[Date "2010.02.27"]
[Round "10.3"]
[White "Baramidze, David"]
[Black "Ginsburg, Gennadi"]
[Result "1/2-1/2"]
[WhiteElo "2532"]
[BlackElo "2537"]
[PlyCount "105"]
[EventDate "2010.??.??"]

1. Nf3 c5 2. c4 Nf6 3. g3 e6 4. Bg2 Nc6 5. O-O d5 6. b3 Be7 7. d3 O-O 8. e3 b6
9. Bb2 Bb7 10. Qe2 Qd7 11. Ne1 Rfd8 12. f4 dxc4 13. bxc4 Nb4 14. Bxb7 Qxb7 15.
Nc3 a6 16. Rb1 Rab8 17. Ba1 Qd7 18. a3 Nc6 19. g4 Ne8 20. Rf3 b5 21. cxb5 axb5
22. g5 e5 23. Rxb5 exf4 24. Rxf4 Bxg5 25. Rc4 Rxb5 26. Nxb5 Na5 27. Rxc5 Be7
28. Rh5 g6 29. Qg2 Nb3 30. Bc3 Nf6 31. Re5 Nd5 32. Qf2 Nxc3 33. Nxc3 Qc7 34. d4
Bxa3 35. Nd5 Qc1 36. Qh4 Rc8 37. Nf6+ Kg7 38. Kg2 Qd2+ 39. Kh3 Bd6 40. Ng4 Bxe5
41. dxe5 h5 42. Qf6+ Kf8 43. Qh8+ Ke7 44. Qxc8 hxg4+ 45. Kxg4 Qxe1 46. Qb7+ Kf8
47. Qxb3 Qg1+ 48. Kh3 Kg7 49. Qd3 Kh6 50. Qe4 Qf1+ 51. Kg3 Qg1+ 52. Kh3 Qf1+
53. Kg3 1/2-1/2

[Event "BL 0910 H.Handschuhsheim - Hamburger SK"]
[Site "?"]
[Date "2010.02.27"]
[Round "10.4"]
[White "Gurevic, Vladimir"]
[Black "Rogozenco, Dorian"]
[Result "1/2-1/2"]
[WhiteElo "2470"]
[BlackElo "2541"]
[PlyCount "45"]
[EventDate "2010.??.??"]

1. e4 c5 2. Nf3 d6 3. d4 cxd4 4. Nxd4 Nf6 5. Nc3 g6 6. Be2 Bg7 7. O-O Nc6 8.
Nb3 O-O 9. Be3 Be6 10. f4 Qc8 11. Kh1 Bg4 12. Bg1 Rb8 13. Bxg4 Qxg4 14. Rf3 b5
15. Qd3 Rfc8 16. Re1 Qe6 17. Rff1 Qc4 18. Qf3 Nd7 19. Nd2 Qb4 20. Nb3 Qc4 21.
Nd2 Qb4 22. Nb3 Qc4 23. Ra1 1/2-1/2

[Event "BL 0910 H.Handschuhsheim - Hamburger SK"]
[Site "?"]
[Date "2010.02.27"]
[Round "10.5"]
[White "Heinemann, Thies"]
[Black "Chernov, Vadim"]
[Result "1/2-1/2"]
[WhiteElo "2484"]
[BlackElo "2433"]
[PlyCount "69"]
[EventDate "2010.??.??"]

1. e4 c5 2. Nf3 e6 3. d4 cxd4 4. Nxd4 Nf6 5. Nc3 Nc6 6. Ndb5 Bc5 7. Bf4 O-O 8.
Bc7 Qe7 9. Bd6 Bxd6 10. Qxd6 Ne8 11. Qxe7 Nxe7 12. O-O-O f5 13. Nd6 Nxd6 14.
Rxd6 fxe4 15. Nxe4 Nf5 16. Rd2 d5 17. Ng5 Nh4 18. g3 Nf3 19. Nxf3 Rxf3 20. c4
Rf7 21. f4 Rc7 22. Rc2 b6 23. Bg2 Bb7 24. cxd5 Rac8 25. Rxc7 Rxc7+ 26. Kd2 Bxd5
27. Bxd5 Rd7 28. Rc1 Rxd5+ 29. Ke3 Ra5 30. a3 Rb5 31. b4 a5 32. Rc4 axb4 33.
axb4 Kf7 34. Kd3 Kf6 35. Ke4 1/2-1/2

[Event "BL 0910 H.Handschuhsheim - Hamburger SK"]
[Site "?"]
[Date "2010.02.27"]
[Round "10.6"]
[White "Gerigk, Erasmus"]
[Black "Reeh, Oliver"]
[Result "1/2-1/2"]
[WhiteElo "2335"]
[BlackElo "2442"]
[PlyCount "46"]
[EventDate "2010.??.??"]

1. e4 c5 2. c3 d6 3. d4 Nf6 4. Bd3 g6 5. dxc5 dxc5 6. e5 Nh5 7. f4 Nc6 8. Qe2
Bh6 9. g3 Bg4 10. Nf3 O-O 11. O-O f6 12. Bc4+ e6 13. exf6 Qxf6 14. Nbd2 Kh8 15.
Ne4 Qe7 16. Be3 b6 17. Bb5 Rac8 18. Nf2 Bxf3 19. Qxf3 Ne5 20. Qe2 Nf7 21. Rad1
Nf6 22. Ng4 Nxg4 23. Qxg4 Nd6 1/2-1/2

[Event "BL 0910 H.Handschuhsheim - Hamburger SK"]
[Site "?"]
[Date "2010.02.27"]
[Round "10.7"]
[White "Huschenbeth, Niclas"]
[Black "Schwalfenberg, Joerg"]
[Result "1/2-1/2"]
[WhiteElo "2411"]
[BlackElo "2317"]
[PlyCount "97"]
[EventDate "2010.??.??"]

1. e4 c6 2. d4 d5 3. e5 Bf5 4. Nf3 e6 5. Be2 Nd7 6. O-O Bg6 7. Nbd2 Nh6 8. Nb3
Nf5 9. Ne1 Be7 10. f4 h5 11. g3 Qb6 12. a4 a5 13. c3 c5 14. Rf3 cxd4 15. cxd4
Nb8 16. Be3 Nxe3 17. Rxe3 Nc6 18. Rc1 Bb4 19. Nf3 Be4 20. Ng5 g6 21. Nxe4 dxe4
22. Rxe4 O-O-O 23. Bb5 Kb8 24. Bxc6 bxc6 25. Qc2 Kc7 26. h3 Rd5 27. Kg2 Rhd8
28. Qf2 c5 29. Re2 Qc6 30. Kh2 Qxa4 31. Nxc5 Bxc5 32. Rxc5+ Rxc5 33. dxc5 Kc6
34. g4 hxg4 35. hxg4 Qd4 36. Qf3+ Qd5 37. Kg3 Qxf3+ 38. Kxf3 Kxc5 39. Rc2+ Kb6
40. Ke4 Rd1 41. Rc8 Rd7 42. f5 gxf5+ 43. gxf5 exf5+ 44. Kxf5 Re7 45. Rc4 Kb5
46. b3 Kb6 47. Ra4 Kb5 48. Rc4 Kb6 49. Ke4 1/2-1/2

[Event "BL 0910 H.Handschuhsheim - Hamburger SK"]
[Site "?"]
[Date "2010.02.27"]
[Round "10.8"]
[White "Vatter, Hans-Joachim"]
[Black "Sebastian, Dirk"]
[Result "1/2-1/2"]
[WhiteElo "2321"]
[BlackElo "2443"]
[PlyCount "92"]
[EventDate "2010.??.??"]

1. e4 e5 2. Nf3 Nc6 3. Bc4 Bc5 4. c3 Nf6 5. d3 a6 6. Bb3 Ba7 7. h3 d6 8. Nbd2
O-O 9. Nf1 d5 10. Qe2 dxe4 11. dxe4 Nh5 12. g3 Nf6 13. g4 Nd7 14. Bg5 Qe8 15.
Ne3 Bxe3 16. Bxe3 Nd8 17. Ng5 Qe7 18. h4 Nc5 19. Bxc5 Qxc5 20. O-O-O Qe7 21.
Rdg1 Ne6 22. Nxe6 Bxe6 23. g5 a5 24. Qb5 Bxb3 25. Qxb3 a4 26. Qc4 Qe6 27. Qxe6
fxe6 28. Rh2 Rad8 29. g6 h6 30. Rd1 Rxd1+ 31. Kxd1 Rf4 32. f3 Kf8 33. Ke2 Ke7
34. Ke3 h5 35. Kf2 Kf6 36. Kg3 Kxg6 37. Rd2 Rf7 38. Rd8 Kf6 39. c4 b6 40. c5
bxc5 41. Ra8 Rd7 42. Rxa4 Rd2 43. Rc4 Rxb2 44. Rxc5 Rxa2 45. Rxc7 Ra1 46. Rc5
Rg1+ 1/2-1/2

[Event "BL 0910 Solinger SG - SV Wattenscheid"]
[Site "?"]
[Date "2010.02.27"]
[Round "10.2"]
[White "Buhmann, Rainer"]
[Black "Macieja, Bartlomiej"]
[Result "1/2-1/2"]
[WhiteElo "2603"]
[BlackElo "2618"]
[PlyCount "85"]
[EventDate "2010.??.??"]

1. Nf3 c5 2. c4 Nf6 3. Nc3 Nc6 4. d4 cxd4 5. Nxd4 g6 6. e4 Nxd4 7. Qxd4 d6 8.
Be2 Bg7 9. Be3 O-O 10. Qd2 Be6 11. O-O Qa5 12. Rfc1 Rfc8 13. b3 a6 14. Rab1
Rab8 15. b4 Qd8 16. c5 Rc6 17. f3 Rbc8 18. a3 Nd7 19. Na4 dxc5 20. Nxc5 Nxc5
21. Qxd8+ Rxd8 22. bxc5 Rc7 23. Rb4 Rdc8 24. Kf2 h5 25. f4 Bd7 26. e5 Bc6 27.
Bf3 Bxf3 28. Kxf3 e6 29. Rcb1 Bf8 30. Rxb7 Rxb7 31. Rxb7 Bxc5 32. Rb3 Bxe3 33.
Rxe3 a5 34. Re4 Kf8 35. Ra4 Rc5 36. h3 Ke7 37. g4 hxg4+ 38. Kxg4 f6 39. exf6+
Kxf6 40. h4 Rd5 41. Rc4 Rd3 42. Ra4 Rd5 43. Rc4 1/2-1/2

[Event "BL 0910 Solinger SG - SV Wattenscheid"]
[Site "?"]
[Date "2010.02.27"]
[Round "10.3"]
[White "Johannessen, Leif Erlend"]
[Black "Werle, Jan"]
[Result "1-0"]
[WhiteElo "2532"]
[BlackElo "2563"]
[PlyCount "67"]
[EventDate "2010.??.??"]

1. d4 Nf6 2. c4 e6 3. Nf3 b6 4. Nc3 Bb4 5. Bg5 h6 6. Bh4 Bb7 7. Nd2 Nc6 8. e3
Be7 9. Be2 O-O 10. O-O Na5 11. Bxf6 Bxf6 12. b4 Nc6 13. Qb3 g6 14. Bf3 Bg7 15.
a4 Rb8 16. a5 f5 17. a6 Ba8 18. Rad1 Kh8 19. Nb5 g5 20. d5 Ne5 21. dxe6 dxe6
22. Bxa8 Rxa8 23. c5 Qe7 24. Nd4 Rfe8 25. Nc4 Ng6 26. Nc6 Qf7 27. cxb6 axb6 28.
b5 f4 29. Qd3 f3 30. g3 Nf8 31. N4e5 Bxe5 32. Nxe5 Qh5 33. Qd4 Kg8 34. Qe4 1-0

[Event "BL 0910 Solinger SG - SV Wattenscheid"]
[Site "?"]
[Date "2010.02.27"]
[Round "10.4"]
[White "Jussupow, Artur"]
[Black "Appel, Ralf"]
[Result "1-0"]
[WhiteElo "2566"]
[BlackElo "2551"]
[PlyCount "81"]
[EventDate "2010.??.??"]

1. d4 Nf6 2. c4 e6 3. Nc3 Bb4 4. e3 O-O 5. Nge2 Re8 6. a3 Bf8 7. d5 a5 8. Ng3
Na6 9. Bd3 b6 10. Bc2 Nc5 11. Rb1 Nb7 12. O-O Nd6 13. b3 Ba6 14. a4 exd5 15.
Nxd5 Nxd5 16. Qxd5 Bb7 17. Qd4 Qg5 18. Bb2 Bc6 19. h4 Qh6 20. Rbd1 Re6 21. Qg4
Rae8 22. h5 g6 23. Nf5 Qxh5 24. Qxh5 gxh5 25. Nd4 Rh6 26. Nxc6 dxc6 27. g3 Bg7
28. Bxg7 Kxg7 29. Rd4 Re5 30. Kg2 Rg5 31. f4 Rg4 32. Kf3 f5 33. Rxd6 Rxd6 34.
Bxf5 Kf6 35. Bxg4 hxg4+ 36. Kxg4 Rd3 37. Rh1 Kg7 38. e4 Rxb3 39. Rd1 Kf6 40.
e5+ Ke6 41. Rh1 1-0

[Event "BL 0910 Solinger SG - SV Wattenscheid"]
[Site "?"]
[Date "2010.02.27"]
[Round "10.6"]
[White "Ernst, Sipke"]
[Black "Straeter, Timo"]
[Result "0-1"]
[WhiteElo "2589"]
[BlackElo "2347"]
[PlyCount "64"]
[EventDate "2010.??.??"]

1. d4 d5 2. c4 e6 3. Nc3 Nf6 4. cxd5 exd5 5. Bg5 c6 6. e3 Be7 7. Qc2 Bg4 8. Bd3
Bh5 9. Nf3 Bxf3 10. gxf3 Nbd7 11. e4 Nb6 12. O-O-O dxe4 13. fxe4 Nfd5 14. Bxe7
Nxe7 15. Ne2 Qd6 16. Kb1 O-O-O 17. Rhg1 g6 18. f4 Kb8 19. Rg3 Qe6 20. Rc1 Rc8
21. Rg5 Rhd8 22. Ra5 Qh3 23. Ra3 Qe6 24. Qc5 f5 25. Qa5 fxe4 26. Qxa7+ Kc7 27.
Ba6 Rb8 28. Nc3 Rd5 29. Bxb7 Rxb7 30. Qa6 Rh5 31. Rb3 Nec8 32. Na4 Ra7 0-1

[Event "BL 0910 Solinger SG - SV Wattenscheid"]
[Site "?"]
[Date "2010.02.27"]
[Round "10.7"]
[White "Thiel, Thomas"]
[Black "Naumann, Alexander"]
[Result "0-1"]
[WhiteElo "2280"]
[BlackElo "2522"]
[PlyCount "80"]
[EventDate "2010.??.??"]

1. e4 c5 2. Nc3 a6 3. g3 b5 4. Bg2 Bb7 5. Nge2 e6 6. d4 cxd4 7. Nxd4 Nf6 8. O-O
b4 9. Na4 Bxe4 10. Bxe4 Nxe4 11. Re1 d5 12. Nxe6 fxe6 13. Qh5+ g6 14. Qe5 Qf6
15. Rxe4 Qxe5 16. Rxe5 Kf7 17. Re3 Nd7 18. Rf3+ Kg8 19. Rd3 Rc8 20. Bf4 Rxc2
21. Re1 Rc6 22. Rde3 Kf7 23. Rf3 Be7 24. g4 Rhc8 25. Rh3 Kg8 26. Rhe3 Rc4 27.
Rxe6 Rxf4 28. Rxe7 Rxg4+ 29. Kf1 Nf6 30. Nb6 Rc2 31. Nd7 Ne4 32. R7xe4 Rxe4 33.
Nf6+ Kf7 34. Nxe4 dxe4 35. b3 Rxa2 36. Rxe4 a5 37. Re5 Kf6 38. Rb5 Ra3 39. h4
Rxb3 40. Rxa5 Rh3 0-1

[Event "BL 0910 Solinger SG - SV Wattenscheid"]
[Site "?"]
[Date "2010.02.27"]
[Round "10.8"]
[White "Hoffmann, Michael"]
[Black "Koerber, Matthias"]
[Result "1-0"]
[WhiteElo "2513"]
[BlackElo "1898"]
[PlyCount "61"]
[EventDate "2010.??.??"]

1. d4 d5 2. c4 e6 3. Nf3 Nf6 4. Nc3 c6 5. Bg5 Be7 6. e3 Nbd7 7. Bd3 O-O 8. O-O
a6 9. c5 e5 10. dxe5 Ne8 11. Bxe7 Qxe7 12. Qc2 g6 13. e4 dxe4 14. Nxe4 Nxe5 15.
Nxe5 Qxe5 16. Ng3 Be6 17. Rae1 Qd4 18. Re4 Qd7 19. Rd1 Rd8 20. Ree1 Bd5 21. Qc3
Nc7 22. Bf5 gxf5 23. Qf6 Ne6 24. Nxf5 h5 25. Rxe6 fxe6 26. Ne7+ Qxe7 27. Qxe7
Rde8 28. Qg5+ Kf7 29. Qxh5+ Ke7 30. Qe5 Kd7 31. Rd3 1-0

[Event "BL 0910 SC Remagen - Turm Emsdetten"]
[Site "?"]
[Date "2010.02.27"]
[Round "10.1"]
[White "Giri, Anish"]
[Black "Parligras, Mircea"]
[Result "1/2-1/2"]
[WhiteElo "2552"]
[BlackElo "2547"]
[PlyCount "60"]
[EventDate "2010.??.??"]

1. d4 Nf6 2. c4 e6 3. Nf3 b6 4. g3 Ba6 5. Qa4 Bb7 6. Bg2 c5 7. dxc5 bxc5 8. O-O
Be7 9. Nc3 O-O 10. Rd1 Qb6 11. Bf4 d6 12. Rd2 Nc6 13. Bxd6 Bxd6 14. Rxd6 Qxb2
15. Rb1 Qxc3 16. Rxb7 Nd4 17. Qd1 Nxf3+ 18. Bxf3 Qxc4 19. Qb1 h6 20. Kg2 a5 21.
Rxf7 Kxf7 22. Bxa8 Qb4 23. Qxb4 axb4 24. Bb7 c4 25. Rc6 c3 26. Ba6 Ke7 27. Bc4
Kd7 28. Bb5 Ke7 29. Bc4 Kd7 30. Bb5 Ke7 1/2-1/2

[Event "BL 0910 SC Remagen - Turm Emsdetten"]
[Site "?"]
[Date "2010.02.27"]
[Round "10.4"]
[White "Swinkels, Robin"]
[Black "Breder, Dennis"]
[Result "1-0"]
[WhiteElo "2511"]
[BlackElo "2427"]
[PlyCount "91"]
[EventDate "2010.??.??"]

1. e4 e5 2. Nf3 Nc6 3. Bb5 Nf6 4. O-O Nxe4 5. d4 Nd6 6. Bxc6 dxc6 7. dxe5 Nf5
8. Qxd8+ Kxd8 9. Nc3 Ke8 10. h3 Be7 11. Bf4 Nh4 12. Nd4 g5 13. Be3 g4 14. hxg4
Bxg4 15. f3 Nf5 16. Rae1 Nxe3 17. Rxe3 Bc5 18. Nce2 Be6 19. b3 a5 20. Kh2 a4
21. Nxe6 fxe6 22. Rc3 Bb6 23. Rd1 axb3 24. axb3 Rd8 25. Rcd3 Rxd3 26. Rxd3 Ke7
27. Ng3 Rf8 28. c4 Bc5 29. Ne4 Ba3 30. Nf6 Kf7 31. Rd7+ Kg6 32. g4 h5 33. gxh5+
Kf5 34. Ng4 Kg5 35. h6 Rh8 36. Rxc7 Bc1 37. Rxb7 Kh4 38. h7 Rd8 39. Rd7 Ra8 40.
Rd4 c5 41. Re4 Kg5 42. Kg3 Kf5 43. Nf6 Rh8 44. Rg4 Bg5 45. Ne4 Be7 46. Rg7 1-0

[Event "BL 0910 SC Remagen - Turm Emsdetten"]
[Site "?"]
[Date "2010.02.27"]
[Round "10.5"]
[White "Fiebig, Thomas"]
[Black "Teske, Henrik"]
[Result "1/2-1/2"]
[WhiteElo "2416"]
[BlackElo "2545"]
[PlyCount "53"]
[EventDate "2010.??.??"]

1. e4 c5 2. c3 d5 3. exd5 Nf6 4. Bb5+ Nbd7 5. c4 a6 6. Bxd7+ Qxd7 7. Nc3 b5 8.
d3 e6 9. Qe2 Be7 10. dxe6 Qxe6 11. Qxe6 Bxe6 12. cxb5 axb5 13. Nxb5 O-O 14. Nc3
Nd5 15. Nge2 Nb4 16. O-O Rfb8 17. Bf4 Rd8 18. Be3 Nxd3 19. Nf4 Nxf4 20. Bxf4
Rd4 21. Be5 Rd2 22. Rfe1 Rxb2 23. Nd5 Rb7 24. Nxe7+ Rxe7 25. Bd6 Rea7 26. Bxc5
Rxa2 27. Rxa2 1/2-1/2

[Event "BL 0910 SC Remagen - Turm Emsdetten"]
[Site "?"]
[Date "2010.02.27"]
[Round "10.6"]
[White "Popovic, Petar"]
[Black "Pruijssers, Roeland"]
[Result "1/2-1/2"]
[WhiteElo "2496"]
[BlackElo "2415"]
[PlyCount "40"]
[EventDate "2010.??.??"]

1. e4 e5 2. Nf3 Nc6 3. Nc3 Nf6 4. Bb5 Bb4 5. O-O O-O 6. d3 d6 7. Ne2 Ne7 8. c3
Ba5 9. Ng3 c6 10. Ba4 Ng6 11. d4 Re8 12. Bc2 Bb6 13. h3 d5 14. Nxe5 Nxe4 15.
Nxe4 dxe4 16. Bxe4 Nxe5 17. dxe5 Qxd1 18. Rxd1 Rxe5 19. Bf3 Bf5 20. Bf4 Ree8
1/2-1/2

[Event "BL 0910 SC Remagen - Turm Emsdetten"]
[Site "?"]
[Date "2010.02.27"]
[Round "10.7"]
[White "Richter, Christian"]
[Black "Schulz, Klaus-Juergen"]
[Result "0-1"]
[WhiteElo "2412"]
[BlackElo "2385"]
[PlyCount "82"]
[EventDate "2010.??.??"]

1. d4 d5 2. Nf3 Nf6 3. c4 dxc4 4. e3 e6 5. Bxc4 c5 6. O-O a6 7. dxc5 Bxc5 8.
Qxd8+ Kxd8 9. Rd1+ Ke7 10. Kf1 Nc6 11. b3 b5 12. Be2 Bb7 13. Bb2 Rhd8 14. Nbd2
Nb4 15. Nd4 Rac8 16. N2f3 Nbd5 17. Rdc1 Bd6 18. Nd2 Bb4 19. N2f3 Ne4 20. Ne5
Bc3 21. Bxc3 Ndxc3 22. f3 f6 23. Nd3 Nd6 24. Kf2 e5 25. Nc2 e4 26. Nf4 g5 27.
Nh5 Nf5 28. Ke1 Nh4 29. Nd4 Nxg2+ 30. Kf2 Nxe2 31. Kxe2 exf3+ 32. Nxf3 Bxf3+
33. Kxf3 Nh4+ 34. Ke4 Ke6 35. Ng7+ Kf7 36. Nh5 Ke6 37. Ng7+ Kf7 38. Nh5 f5+ 39.
Ke5 Re8+ 40. Kd5 Rcd8+ 41. Kc6 Rxe3 0-1

[Event "BL 0910 SG Turm Trier - Schachfr. Berli"]
[Site "?"]
[Date "2010.02.27"]
[Round "10.2"]
[White "Cyborowski, Lukasz"]
[Black "Polzin, Rainer"]
[Result "1/2-1/2"]
[WhiteElo "2503"]
[BlackElo "2491"]
[PlyCount "75"]
[EventDate "2010.??.??"]

1. Nf3 Nf6 2. c4 g6 3. Nc3 Bg7 4. g3 O-O 5. Bg2 d6 6. O-O c5 7. d4 Nc6 8. d5
Na5 9. Nd2 a6 10. Qc2 Rb8 11. b3 b5 12. Bb2 bxc4 13. bxc4 Bh6 14. f4 e5 15.
dxe6 Bxe6 16. Nd5 Rxb2 17. Qxb2 Bg7 18. Qc2 Ng4 19. Qd3 Re8 20. Rab1 Bxd5 21.
cxd5 Ne3 22. Rfc1 c4 23. Nxc4 Nexc4 24. Rxc4 Nxc4 25. Qxc4 Re3 26. Qxa6 Bd4 27.
Kf1 Bc5 28. Bf3 Qf6 29. Kg2 Kg7 30. Rb8 Qe7 31. Qc4 Qa7 32. Rb2 Qa3 33. Rc2 Qa5
34. Kf1 Qa3 35. Kg2 Qa5 36. Kf1 Qa3 37. Kg2 Qa5 38. Kf1 1/2-1/2

[Event "BL 0910 SG Turm Trier - Schachfr. Berli"]
[Site "?"]
[Date "2010.02.27"]
[Round "10.5"]
[White "Thiede, Lars"]
[Black "Jaracz, Pawel"]
[Result "1/2-1/2"]
[WhiteElo "2450"]
[BlackElo "2547"]
[PlyCount "78"]
[EventDate "2010.??.??"]

1. g3 d5 2. Bg2 Nf6 3. d3 e5 4. Nf3 Nc6 5. O-O Be6 6. a3 Bd6 7. b4 Ne7 8. Bb2
Ng6 9. Nbd2 O-O 10. c4 c6 11. Ng5 Bg4 12. h3 Bd7 13. e4 h6 14. Ngf3 d4 15. c5
Bc7 16. Qc2 Nh7 17. Kh2 Be6 18. a4 Qd7 19. Ba3 Ng5 20. Ng1 f5 21. h4 Nh7 22.
exf5 Bxf5 23. Ne4 Nf6 24. Rae1 Kh7 25. Nxf6+ Rxf6 26. h5 Nh8 27. Nf3 Qf7 28.
Kg1 Qxh5 29. Nxe5 Bxe5 30. Rxe5 Ng6 31. Ree1 Rd8 32. Bc1 Rd7 33. f3 Bh3 34. Re4
Bxg2 35. Kxg2 Ne7 36. Qe2 Qf7 37. Re1 Nf5 38. Rh1 Qb3 39. g4 Ne3+ 1/2-1/2

[Event "BL 0910 SG Turm Trier - Schachfr. Berli"]
[Site "?"]
[Date "2010.02.27"]
[Round "10.6"]
[White "Flumbort, Andras"]
[Black "Degtiarev, Evgeny"]
[Result "1-0"]
[WhiteElo "2513"]
[BlackElo "2374"]
[PlyCount "77"]
[EventDate "2010.??.??"]

1. d4 d5 2. c4 c6 3. Nf3 Nf6 4. Nc3 a6 5. g3 dxc4 6. a4 e6 7. Bg2 c5 8. dxc5
Qxd1+ 9. Nxd1 Bxc5 10. Ne5 Ke7 11. O-O Rd8 12. Ne3 Nd5 13. N3xc4 Nb4 14. Bd2
N8c6 15. Bxc6 Nxc6 16. Nxc6+ bxc6 17. Rac1 Bd7 18. Bf4 Be8 19. Bc7 Rd7 20. Bb6
Bb4 21. Ne5 Rd6 22. Nd3 c5 23. a5 Rxd3 24. exd3 Rc8 25. d4 c4 26. b3 Bb5 27.
bxc4 Rxc4 28. Rxc4 Bxc4 29. Rb1 Bd2 30. Rb2 Bh6 31. Bc5+ Kf6 32. Rb4 Bd3 33.
Rb6 Kf5 34. Rb7 f6 35. f3 Bc4 36. Kf2 Kg6 37. h4 Kf5 38. g4+ Kg6 39. Bf8 1-0

[Event "BL 0910 SG Turm Trier - Schachfr. Berli"]
[Site "?"]
[Date "2010.02.27"]
[Round "10.7"]
[White "Wintzer, Joachim Dr"]
[Black "Seger, Ruediger"]
[Result "1/2-1/2"]
[WhiteElo "2361"]
[BlackElo "2407"]
[PlyCount "160"]
[EventDate "2010.??.??"]

1. c4 Nf6 2. Nc3 d5 3. cxd5 Nxd5 4. g3 g6 5. Bg2 Nxc3 6. bxc3 Bg7 7. Rb1 Nc6 8.
h4 h5 9. c4 O-O 10. d3 Qd7 11. Nf3 b6 12. Bb2 Bxb2 13. Rxb2 Bb7 14. O-O Rad8
15. Qc1 Na5 16. Qh6 Bxf3 17. Bxf3 Qd4 18. Rb5 c5 19. Qg5 Qf6 20. Qxf6 exf6 21.
Rc1 Rd6 22. Rc3 Nc6 23. Bxc6 Rxc6 24. Ra3 Re8 25. Kf1 a5 26. Rab3 Ree6 27. Ke1
Kf8 28. Kd2 Ke7 29. e3 Kd7 30. Kc3 Kc7 31. Rb2 Re5 32. Rd2 f5 33. Rbb2 f6 34.
Re2 Rce6 35. Rb1 Rd6 36. Rbe1 Re7 37. Rd2 Rd8 38. Red1 Rd6 39. Rb1 Rc6 40. Rc1
Rd6 41. Re2 Red7 42. Rd1 Re7 43. a4 Kc6 44. Rdd2 Rde6 45. Rb2 Kc7 46. Rb5 g5
47. Rd2 gxh4 48. gxh4 f4 49. exf4 Re1 50. d4 Rc1+ 51. Kd3 Rd7 52. d5 Ra1 53.
Rc2 Rxa4 54. Rb1 Rb4 55. Rxb4 axb4 56. Re2 Rd6 57. Re7+ Rd7 58. Re6 Rd6 59.
Re7+ Rd7 60. Re8 Rd8 61. Re3 Ra8 62. Re7+ Kd8 63. Rb7 f5 64. Rxb6 Ra3+ 65. Kd2
Rc3 66. Rf6 Rxc4 67. Rxf5 b3 68. Rf8+ Ke7 69. Rb8 Rxf4 70. Rxb3 Kd6 71. Ke3
Rxh4 72. Rb8 Kxd5 73. Rd8+ Ke6 74. f4 Rh1 75. Rc8 Kd5 76. Rd8+ Kc4 77. f5 Rf1
78. Ke4 Kb3 79. Rb8+ Kc3 80. Rh8 c4 1/2-1/2